Ruling means chaos for planning system (Record no. 65592)

MARC details
000 -LEADER
fixed length control field 01378cam a2200289 4500
001 - CONTROL NUMBER
control field WB3649-23
008 - FIXED-LENGTH DATA ELEMENTS--GENERAL INFORMATION
fixed length control field 000000n2000 000 0 eng u
035 ## - SYSTEM CONTROL NUMBER
System control number (Sirsi) u109969
245 ## - TITLE STATEMENT
Title Ruling means chaos for planning system
260 ## - PUBLICATION, DISTRIBUTION, ETC.
Date of publication, distribution, etc. 2000
490 ## - SERIES STATEMENT
Series statement Times
Volume/sequential designation 14 December 2000, 1;
490 ## - SERIES STATEMENT
Series statement Daily Telegraph
Volume/sequential designation 14 December 2000, 13(2)
520 ## - SUMMARY, ETC.
Summary, etc. Considers the implications of the High Court ruling that government powers to decide planning applications are incompatible with the Human Rights Convention. One planning expert predicts that government will make the planning inspectorate totally independent from the Secretary of State. Briefly describes the four test cases which were before the court.
590 ## - LOCAL NOTE (RLIN)
Local note WB
650 ## - SUBJECT ADDED ENTRY--TOPICAL TERM
Topical term or geographic name entry element R V SOS ENVIRONMENT EX P HOLDING AND BARNES PLC
650 ## - SUBJECT ADDED ENTRY--TOPICAL TERM
Topical term or geographic name entry element R V SOS ENVIRONMENT EX P PREMIER LEISURE
650 ## - SUBJECT ADDED ENTRY--TOPICAL TERM
Topical term or geographic name entry element R V SOS ENVIRONMENT, TRANSPORT AND THE REGIONS EX P ALCONBURY DEVELOPMENTS
650 ## - SUBJECT ADDED ENTRY--TOPICAL TERM
Topical term or geographic name entry element R V SOS ENVIRONMENT EX P LEGAL AND GENERAL ASSURANCE SOCIETY
650 ## - SUBJECT ADDED ENTRY--TOPICAL TERM
Topical term or geographic name entry element PLANNING SYSTEM
650 ## - SUBJECT ADDED ENTRY--TOPICAL TERM
Topical term or geographic name entry element CONVENTION FOR THE PROTECTION OF HUMAN RIGHTS AND FUNDAMENTAL FREEDOMS
650 ## - SUBJECT ADDED ENTRY--TOPICAL TERM
Topical term or geographic name entry element EUROPEAN COURT OF HUMAN RIGHTS
650 ## - SUBJECT ADDED ENTRY--TOPICAL TERM
Topical term or geographic name entry element PLANNING INSPECTORATE
650 ## - SUBJECT ADDED ENTRY--TOPICAL TERM
Topical term or geographic name entry element FAIR HEARING
650 ## - SUBJECT ADDED ENTRY--TOPICAL TERM
Topical term or geographic name entry element ADMINISTRATION
690 ## - LOCAL SUBJECT ADDED ENTRY--TOPICAL TERM (OCLC, RLIN)
Topical term or geographic name as entry element ENVIRONMENTAL AND LAND CONSULTANCY-PLANNING AND DEVELOPMENT
942 ## - ADDED ENTRY ELEMENTS (KOHA)
Suppress in OPAC 0
Holdings
Withdrawn status Lost status Source of classification or shelving scheme Damaged status Not for loan Home library Current library Shelving location Date acquired Total Checkouts Full call number Barcode Date last seen Copy number Price effective from Koha item type
    Dewey Decimal Classification     London London News article 14/12/2000   WB3649-23 109969-1001 06/08/2019 1 06/08/2019 News article